00457nam a22001577a 450000500170000000800410001702000150005804100130007308200150008610000230010124500430012425000200016726000560018730000310024365000250027420240110140253.0240110b |||||||| |||| 00| 0 eng d a0409037516 aEnglish  a346.7 KER  aKerr, AJlEnglish  aThe Law of Sale and Lease / cAJ Kerr  aSecond Edition  aDurban : bButterworth Publishers (Pty) Ltd, c1996 bxvi, 499 pages ; c25 cm.  aLegal practice bLaw